In situ budding - A technique for the updation of non-descript rubber plants in the tribal holdings of Amboori (Record no. 60928)

MARC details
000 -LEADER
fixed length control field 00530nam a2200157Ia 4500
100 ## - MAIN ENTRY--AUTHOR NAME
Personal name Jayakrishnakumar V
245 #0 - TITLE STATEMENT
Title In situ budding - A technique for the updation of non-descript rubber plants in the tribal holdings of Amboori
260 ## - PUBLICATION, DISTRIBUTION, ETC. (IMPRINT)
Name of publisher Placrosym IX, Bangalore, 1990. Journal of Plantation Crops, 20 (Supplement): 233-235
650 ## - SUBJECT ADDED ENTRY--TOPICAL TERM
Topical Term In situ budding
700 ## - ADDED ENTRY--PERSONAL NAME
Personal name Aiyer R S
700 ## - ADDED ENTRY--PERSONAL NAME
Personal name Nair C S J
700 ## - ADDED ENTRY--PERSONAL NAME
Personal name Nair K H
700 ## - ADDED ENTRY--PERSONAL NAME
Personal name Sreekumaran V
942 ## - ADDED ENTRY ELEMENTS (KOHA)
Koha item type Journals
Holdings
Withdrawn status Lost status Damaged status Not for loan Home library Current library Date acquired Koha item type
      Journals RRII Library RRII Library 17/12/2021 Journals